Central Library and Information Centre
Sibsagar Girls' College, Sivasagar : Assam

CHORDATE ZOOLOGY (Record no. 7986)

MARC details
000 -LEADER
fixed length control field 00407cam a2200181ua 4500
008 - FIXED-LENGTH DATA ELEMENTS--GENERAL INFORMATION
fixed length control field 160509n1997 II |||gr||||Z||||||eng
040 ## - CATALOGING SOURCE
Original cataloging agency MAIN
041 ## - LANGUAGE CODE
-- English
082 ## - DEWEY DECIMAL CLASSIFICATION NUMBER
Classification number 596 JOR
100 ## - MAIN ENTRY--PERSONAL NAME
Personal name JORDAN, E. L.
245 ## - TITLE STATEMENT
Title CHORDATE ZOOLOGY
260 ## - PUBLICATION, DISTRIBUTION, ETC.
Place of publication, distribution, etc. NEW DELHI
Name of publisher, distributor, etc. S.CHAND & COMPANY
Date of publication, distribution, etc. 1997
300 ## - PHYSICAL DESCRIPTION
Extent 1092:
Dimensions 25CM.
700 ## - ADDED ENTRY--PERSONAL NAME
Personal name VERMA, P. S.
942 ## - ADDED ENTRY ELEMENTS (KOHA)
Koha item type Books
653 ## - INDEX TERM--UNCONTROLLED
Uncontrolled term Chordates
Holdings
Withdrawn status Lost status Damaged status Not for loan Collection code Home library Current library Shelving location Date acquired Full call number Barcode Date last seen Copy number Price effective from Koha item type Public note Total Checkouts Date last checked out
        TBZOO Central Library and Information Centre Sibsagar Girls College Central Library and Information Centre Sibsagar Girls College ZOOLOGY BOOK RACK 23.06.1998 596 JOR 15324 27.02.2020 1 27.02.2020 Books V    
        TBZOO Central Library and Information Centre Sibsagar Girls College Central Library and Information Centre Sibsagar Girls College ZOOLOGY BOOK RACK 23.06.1998 596 JOR 15325 27.02.2020 2 27.02.2020 Books V    
        TBZOO Central Library and Information Centre Sibsagar Girls College Central Library and Information Centre Sibsagar Girls College ZOOLOGY BOOK RACK 23.06.1998 596 JOR 15326 27.09.2023 3 27.02.2020 Books V 1 14.09.2023


Sibsagar Girl's College © 2020. All rights reserved.
Powered by Koha.
Maintained by Abhijit Borpuzari.